000 00287nam a2200109Ia 4500
008 200302s9999 xx 000 0 und d
100 _aFred Hall and Roger Greeno
245 _aBuilding Services Handbook 8th ed.,
260 _bRoutledge publishing Co.
260 _c2013
300 _a756 P.,
999 _c3872
_d3872